| 000 | 00740nam a22001937a 4500 | ||
|---|---|---|---|
| 005 | 20170808170123.0 | ||
| 010 | _aENG-119234 | ||
| 020 |
_c500.00 _a9788184655049 |
||
| 035 | _aEN-102766 | ||
| 037 | _bDBAD/PUB | ||
| 082 | _a280.954 | ||
| 100 | _aHaokip,M. Thongkhosei M. | ||
| 245 |
_aA history of ecumenical movement in North East India : _cby M. Thongkhosei Haokip _bwith speacial referenceto the North East India Chrition council / |
||
| 260 |
_aDelhi _bThe Indian Society for Promoting Christian Knowlewdge(ISPCK)) _c2015 |
||
| 270 |
_a1585,1654 Madarsa Road Kashmere Gate _bDelhi _e110006 |
||
| 300 |
_axxii,302p. _c22cm(pbk) |
||
| 500 | _aIncludes bibliographical references | ||
| 942 |
_2ddc _cEN _mHAO _h280.954 |
||
| 999 |
_c143171 _d143171 |
||